Statistics for What Did That Plate Say? - #2

Click here to take the quiz!

General Stats

  • This quiz has been taken 34,906 times
    (34,851 since last reset)
  • The average score is 14 of 24

Answer Stats

Plate Meaning % Correct
2FAST4UToo fast for you!
92%
3XTHFUNThree times the fun!
87%
HRYPOTRHarry Potter
85%
HGWRTSHogwarts
84%
GONFISNGone fishing
80%
VO1DMRTVoldemort
72%
2BG2FAILToo big to fail
71%
IMAQTII'm a cutie!
67%
INOCUL8Inoculate
66%
LYT SBRLight saber
63%
BUZ&WDYBuzz and Woody
61%
26Z4UToo sexy for you
60%
XPOSHURExposure
59%
MENMYK9Me and my dog (canine)
57%
IRSHJWLIrish jewel
57%
NAWT1Naughty one
52%
OB HAYVOh, behave!
51%
AXLR8RAccelerator
50%
QTY P2TCutie patootie
46%
YLO FVRYellow fever
42%
IROCNRLI rock and roll!
36%
CPTNSLOCaptain Solo
35%
KYG1RLKentucky girl
31%
JN36TNJohn 3:16
10%

Score Distribution

Percentile by Number Answered

Percent of People with Each Score

Your Score History

You have not taken this quiz since the last reset